01327nam a2200349 a 4500001001200000003000800012006001900020007001500039008004100054010001700095020002200112040002100134035002000155050002400175082002000199100002900219245007500248246003100323250001200354260004800366300001100414490002600425500005200451500002000503533015200523650004500675655002900720700005800749710001700807830002700824856012600851ebr10006985CaPaEBRm u cr cn|||||||||000901s2001 nju s 001 0 eng  z 00046594  z1564145123 (pbk.) aCaPaEBRcCaPaEBR a(OCoLC)7076671114aKF2995b.B47 2001eb04a346.7304/822211 aBesenjak, Cheryl,d1949-10aCopyright plain & simpleh[electronic resource] /cby Cheryl Besenjak.3 aCopyright plain and simple a2nd ed. aFranklin Lakes, NJ :bCareer Press,cc2001. a191 p.1 aPlain & simple series aRev. ed. of: Copyright plain and simple. c1997. aIncludes index. aElectronic reproduction.bPalo Alto, Calif. :cebrary,d2013.nAvailable via World Wide Web.nAccess may be limited to ebrary affiliated libraries. 0aCopyrightzUnited StatesvPopular works. 7aElectronic books.2local1 aBesenjak, Cheryl,d1949-tCopyright plain and simple.2 aebrary, Inc. 0aPlain & simple series.40uhttp://site.ebrary.com/lib/rucke/Doc?id=10006985zAn electronic book accessible through the World Wide Web; click to view